Países que empiezan por E - Estadísticas

Estadísticas generales
  • Esta prueba ha sido intentada 582 veces
  • La puntuación promedio es 9 de 12
Estadísticas de respuestas
Respuesta % Correcto
España
95%
Estonia
93%
Egipto
83%
Ecuador
82%
Eslovaquia
78%
Etiopía
78%
Eslovenia
77%
Eritrea
76%
El Salvador
71%
Emiratos Árabes Unidos
71%
Esuatini
66%
Estados Unidos de América
46%
No se encontraron pruebas coincidentes
Distribución de puntuación
Porcentaje de gente con cada puntuación
Porcentaje por número respondido
Historial de tus puntuaciones
No has intentado esta prueba.